000
00284nam a22001217a 4500
008
190305b xxu||||| |||| 00| 0 eng d
041
_a
eng
080
_2
2nd
_a
611
100
_a
6
101
_a
ANA
245
_a
Physiology of the Kidney and Body Fluids
_c
Pitts, R.F
942
_2
udc
_c
BK
999
_c
54519
_d
54519